| 000 | 01545nam a2200361 a 4500 | ||
|---|---|---|---|
| 999 |
_c145242 _d145242 |
||
| 003 | BLK | ||
| 005 | 20231107175409.0 | ||
| 008 | 180410b bul|||||r ||||||| ||bul|| | ||
| 010 | _aKNG00151415000 | ||
| 040 | _aBLK | ||
| 041 |
_aBUL _cBUL |
||
| 080 |
_aЕстонска литература _b821.511.113 _x-93-32 _z821.511.113-93-32 |
||
| 100 | 1 |
_aРауд, Ено _eпърви автор _9115364 |
|
| 139 |
_aРауд, Ено _bР 38 |
||
| 245 | 1 | 0 |
_aМаншон, Полуобувка и Мъхеста брада _bПриказна повест _cЕно Рауд; прев. от ест. Дора Стоянова Янева-Медникарова; худож. Едгар Валтер. |
| 250 | _a2. изд. | ||
| 257 | _aEST | ||
| 260 |
_bПериодика _c1986 _fотпеч. в СССР _aСофия |
||
| 300 |
_a199 с. _bс цв. ил. _c22 см |
||
| 380 | _aDX | ||
| 500 | _a1. изд. 1980. - Ориг. загл. Naksitrallid / Eno Raud. | ||
| 653 | _aдетска литература | ||
| 653 | _aлитература за деца | ||
| 700 | 1 |
_aЯнева-Медникарова, Дора Стоянова _eпрев. от ест. _9365173 |
|
| 700 | 1 |
_aВалтер, Едгар _eхудож. _9328608 |
|
| 852 | _aЦб 262627 | ||
| 856 | 4 |
_qpdf _i1.50 _ldisable |
|
| 856 | 4 |
_qpdf _i1.50 _ldisable |
|
| 942 |
_cKNG _n0 _08 _s1 |
||
| 944 |
_aCR _c04.10.2013 _lМира Стойчева _k30532 |
||
| 944 |
_aED _c04.10.2013 _l04.10.2013 - от С1,Р / 04.10.2013 |
||
| 999 | _d145242 | ||